Szczegóły MARC21

Uwarunkowania i plany rozwoju turystyki : praca zbiorowa. T. 1, Przyrodnicze zasoby turystyczne i metody ich oceny /

003 -Nazwa inst., której nr kontr. jest w polu 001 [,]
    • @
    • Nazwa instytucji, której n kontrolny jest w polu 001
    • NUKAT
005 -DATA I CZAS OSTATNIEJ MODYFIKACJI [,]
    • @
    • pole kontrolne
    • 20241231112446.0
020 -Międzynarod. znormalizowany nr książki - ISBN [ , ]
    • a
    • Numer ISBN
    • 9788323219644 Find
040 -Instytucja sporządzająca opis [ , ]
    • a
    • Instytucja, która sporządziła opis (NP)
    • WA 14/MK
    • c
    • Instytucja, która sporządziła rekord (NP)
    • WA 14/MK
    • d
    • Instytucja, która zmodyfikowała rekord (P)
    • WA 51/AŁs
    • d
    • Instytucja, która zmodyfikowała rekord (P)
    • WA M/HB
041 -Język dokumentu [0, ]
    • a
    • Język tekstu (P)
    • polski
    • b
    • Język streszczeń lub abstraktu (P)
    • angielski
942 -Rodzaj dokumentu [ , ]
    • c
    • Rodzaj dokumentu
    • Książka
245 -Strefa tytułu i oznaczenia odpowiedzialności [0,0]
    • a
    • Tytuł
    • Uwarunkowania i plany rozwoju turystyki : Find
    • b
    • Ciąg dalszy tytułu (NP)
    • praca zbiorowa. Find
    • n
    • Oznaczenie części (P)
    • T. 1,
    • p
    • Nazwa części (P)
    • Przyrodnicze zasoby turystyczne i metody ich oceny /
    • c
    • Pozostałe elementy strefy tytułu i oznaczenia odpowiedzialności (NP)
    • pod red. Zygmunta Młynarczyka i Aliny Zajadacz.
246 -Wariant tytułu [3,0]
    • a
    • Tytuł (NP)
    • Przyrodnicze zasoby turystyczne i metody ich oceny
260 -Strefa adresu wydawniczego [ , ]
    • a
    • Miejsce wydania (P)
    • Poznań :
    • b
    • Nazwa wydawcy (P)
    • Wydawnictwo Naukowe Uniwersytetu im. Adama Mickiewicza,
    • c
    • Data wydania (P)
    • 2008.
300 -Strefa opisu fizycznego [ , ]
    • a
    • Określenie formy książki i/lub objętość (NP)
    • 274 s. :
    • b
    • Oznaczenie ilustracji (NP)
    • il. ;
    • c
    • Format (NP)
    • 24 cm.
336 -Typ zawartości [ , ]
    • a
    • Termin opisujący typ zawartości
    • Tekst
    • b
    • Kod określający zawartość
    • txt
    • 2
    • Źródło (terminu i kodu)
    • rdacontent
337 -Typ mediów [ , ]
    • a
    • Tryb odtwarzania
    • Bez urządzenia pośredniczącego
    • b
    • Kod typu mediów
    • n
    • 2
    • Źródło (terminu i kodu)
    • rdamedia
338 -Typ/rodzaj nośnika [ , ]
    • a
    • Hasło opisujące typ nośnika
    • Wolumin
    • b
    • Kod typu nośnika
    • nc
    • 2
    • Źródło (terminu i kodu)
    • rdacarrier
490 -Strefa serii i książki wielotomowej - forma nie do wyszukiwania [1, ]
    • a
    • Tytuł (P)
    • Seria Turystyka i Rekreacja / Uniwersytet im. Adama Mickiewicza w Poznaniu. Studia i Prace ; Find
    • v
    • Numeracja (P)
    • nr 1
830 -Hasło dodatkowe serii i opisu książki wielotomowej - tytuł ujednolicony/tytuł [ ,0]
    • a
    • Tytuł ujednolicony/tytuł (NP)
    • Seria Turystyka i Rekreacja - Uniwersytet im. Adama Mickiewicza w Poznaniu.
    • p
    • Nazwa części/podserii/sekcji (P)
    • Studia i Prace
    • x
    • ISSN
    • 2080-6795
    • v
    • Oznaczenie tomu (NP)
    • nr 1
    • 9
    • KHW
    • 44178
504 -Uwaga dot. bibliogr. załącznikowej [ , ]
    • a
    • Uwaga dot. bibliografii załącznikowej
    • Bibliogr. s. 256-260. Indeks.
546 -Uwaga dot. języka [ , ]
    • a
    • Uwaga dot. języka
    • Streszcz. ang.
080 -Uniwersalna Klasyfikacja Dziesiętna [ , ]
    • 2
    • Identyfikator wydania tablic
    • UDC-P058
    • 9
    • UKD
    • 3264
    • a
    • Symbol klasyfikacji
    • 338.48
    • b
    • Dopowiedzenie
    • Turystyka. Turyzm.
    • 4
    • UKD2
    • 7642
    • x
    • Poddział wspólny
    • (438)
    • c
    • Dopowiedzenie poddz. wspólnego
    • (Polska).
080 -Uniwersalna Klasyfikacja Dziesiętna [ , ]
    • 2
    • Identyfikator wydania tablic
    • UDC-P058
    • 9
    • UKD
    • 3997
    • a
    • Symbol klasyfikacji
    • 502.2
    • b
    • Dopowiedzenie
    • Środowisko jako całość.
    • 4
    • UKD2
    • 7642
    • x
    • Poddział wspólny
    • (438)
    • c
    • Dopowiedzenie poddz. wspólnego
    • (Polska).
650 -Hasło przedmiotowe [ ,7]
    • a
    • Hasło przedmiotowe
    • Bagna
    • x
    • Określnik rzeczowy
    • wykorzystanie dla celów rekreacyjnych
    • z
    • Określnik geograficzny
    • Polska
    • z
    • Określnik geograficzny
    • Zbąszyń (gmina).
    • 2
    • Źródło terminu
    • kaba
    • 9
    • KHW
    • 368299
650 -Hasło przedmiotowe [ ,7]
    • a
    • Hasło przedmiotowe
    • Lasy
    • x
    • Określnik rzeczowy
    • wykorzystanie dla celów rekreacyjnych
    • z
    • Określnik geograficzny
    • Polska
    • z
    • Określnik geograficzny
    • Zbąszyń (gmina).
    • 2
    • Źródło terminu
    • kaba
    • 9
    • KHW
    • 368298
650 -Hasło przedmiotowe [ ,7]
    • a
    • Hasło przedmiotowe
    • Środowisko przyrodnicze
    • x
    • Określnik rzeczowy
    • ocena
    • z
    • Określnik geograficzny
    • Polska
    • z
    • Określnik geograficzny
    • Zbąszyń (gmina).
    • 2
    • Źródło terminu
    • kaba
    • 9
    • KHW
    • 368295
650 -Hasło przedmiotowe [ ,7]
    • a
    • Hasło przedmiotowe
    • Turystyka
    • z
    • Określnik geograficzny
    • Polska
    • z
    • Określnik geograficzny
    • Zbąszyń (gmina).
    • 2
    • Źródło terminu
    • kaba
    • 9
    • KHW
    • 368296
650 -Hasło przedmiotowe [ ,7]
    • a
    • Hasło przedmiotowe
    • Wody powierzchniowe
    • x
    • Określnik rzeczowy
    • wykorzystanie dla celów rekreacyjnych
    • z
    • Określnik geograficzny
    • Polska
    • z
    • Określnik geograficzny
    • Zbąszyń (gmina).
    • 2
    • Źródło terminu
    • kaba
    • 9
    • KHW
    • 368297
980 -Symbol UKD [ , ]
    • a
    • UKD
    • 338.48:502.2](438)
700 -Hasło dodatkowe - nazwa osobowa [1, ]
    • a
    • Nazwa osobowa (NP)
    • Młynarczyk, Zygmunt. Find
    • e
    • Określenie rodzaju współpracy
    • Red.
    • 9
    • KHW
    • 44176
700 -Hasło dodatkowe - nazwa osobowa [1, ]
    • a
    • Nazwa osobowa (NP)
    • Zajadacz, Alina Find
    • d
    • Daty biograficzne (NP)
    • (1972- ).
    • e
    • Określenie rodzaju współpracy
    • Red.
    • 9
    • KHW
    • 44177
710 -Hasło dodatkowe - nazwa ciała zbiorowego [2, ]
    • a
    • Nazwa ciała zbiorowego lub nazwa geograficzna jako pierwszy element (NP)
    • Uniwersytet im. Adama Mickiewicza (Poznań).
    • b
    • Nazwa jednostki podrzędnej (P)
    • Wydawnictwo Naukowe.
    • 4
    • Kod relacji
    • pbl
    • 9
    • KHW
    • 52821
920 -ISBN [ , ]
    • a
    • ISBN
    • 978-83-232-1964-4 Find
Data inwentaryzacji Lokalizacja Sygnatura Numer inwentarzowy Status udost.
2012-07-02BG Z.1161311
2018-02-08TT.20050T.20050-2